Razón teológica y experiencia mística: en torno a la mística de San Juan de la Cruz

Gespeichert in:
Bibliographische Detailangaben
1. Verfasser: Ortega, Augusto Andrés (autor)
Format: Buch
Sprache:Spanisch
Veröffentlicht: Madrid Diana 1944
Ausgabe:1a. ed
Schlagworte:
Tags: Tag hinzufügen
Keine Tags, Fügen Sie den ersten Tag hinzu!

MARC

LEADER 00000cam a2200000 a 4500
001 UCD0083
003 CL-VaPUC
008 151112e19440000sp |||||||||||||||||spa|d
082 0 4 |a 248.3  |b ORT  |2 21 
100 |a Ortega, Augusto Andrés  |e autor  |9 600864 
245 1 0 |a Razón teológica y experiencia mística: en torno a la mística de San Juan de la Cruz 
250 |a 1a. ed 
300 |a 183 p 
942 |c BK 
945 |d 20151112 20:22:00  |a gsalatino 
260 |a Madrid  |b Diana  |c 1944 
650 0 |a Teología   |9 258766 
650 0 |a Mística  |9 378376 
650 0 |a Razón   |9 314475 
650 7 |a EDUCACION CRISTIANA  |2 CL-VaPUC  |9 308333 
583 |a last modification  |c 20151112 20:22:00  |k Rodrigo Vera 
999 |c 361705  |d 361703 
952 |0 0  |1 0  |3 erb  |4 0  |6 248_300000000000000_ORT_1944  |7 0  |8 P  |9 472346  |a BIBTEO  |b BIBTES  |c TEO_FTES  |i 527009K  |l 5  |m 1  |o 248.3 ORT 1944  |p 527009K  |r 2024-10-04  |s 2024-10-04  |w 2019-11-24  |y BK  |z Catalogado en:20151112  |k ICR